| 000 | 01209nam a2200385 i 4500 | ||
|---|---|---|---|
| 003 | EG-GICUC | ||
| 005 | 20260513172132.0 | ||
| 008 | 260513s1995 fr f |||| 001 0|fre d | ||
| 020 | _a2711125424 | ||
| 020 | _a9782711125425 | ||
| 040 |
_aEG-GiCUC _bfre _cEG-GiCUC _dEG-GiCUC _eRda |
||
| 041 | 0 | _afre | |
| 082 | 0 | 4 |
_221 _a345.32 _bLI . S |
| 092 | 0 | 4 | _221 |
| 099 | _aLaw1 07 345.32 LI . S 3 ed - 1995 0705090 C1 | ||
| 100 | 1 |
_aLinotte, Didier _eAuteur |
|
| 245 | 1 | 0 |
_aServices Publics Et Droit Public Économique / _cPar Didier Linotte, Achille Mestre, Raphaël Romi. |
| 250 | _aTroisième Édition. | ||
| 264 | 1 |
_a Paris : _bLitec , _c1995. |
|
| 300 |
_a490 Page ; _c24 cm. |
||
| 336 |
_2rda contenu _a texte |
||
| 337 |
_2rda medias _aOrdinateur |
||
| 338 |
_2 transporteur rda _a Ressource en ligne |
||
| 500 | _aIndex Pages : 470-473. | ||
| 546 | _aTexte en français | ||
| 650 | 1 | 4 | _aDroit administratif |
| 650 | 1 | 4 | _aÉquipements publics |
| 650 | 1 | 4 | _aServices publics |
| 651 | 1 | _2qrmak | |
| 700 | 1 |
_aMestre, Achille _eAuteur |
|
| 700 | 1 |
_aRomi, Raphaël _eAuteur |
|
| 856 | 4 | 0 | _uhttps://fll.law.cu.edu.eg/fulltext/bks/B07-05090.pdf |
| 905 | _a164 | ||
| 942 |
_2ddc _cBK _e21 _n0 |
||
| 999 |
_c76797 _d76797 |
||